[Event "Russia Cup Final w"]
[Site "Serpuhov RUS"]
[Date "2008.11.08"]
[Round "2.2"]
[White "Girya,O"]
[Black "Turova,I"]
[Result "1/2-1/2"]
[WhiteElo "2332"]
[BlackElo "2381"]

1.d4 Nf6 2.c4 e6 3.Nc3 Bb4 4.Qc2 O-O 5.a3 Bxc3+ 6.Qxc3 d6 7.Nf3 Nbd7 8.e3 b6
9.b4 Bb7 10.Be2 Qe7 11.O-O Ne4 12.Qb3 c5 13.bxc5 dxc5 14.a4 Rfc8 15.a5 Rab8
16.axb6 axb6 17.Ra7 Nd6 18.Bb2 cxd4 19.exd4 Qd8 20.Rc1 Ra8 21.Rxa8 Bxa8 22.Qe3 Nf5
23.Qf4 Qc7 24.Qxc7 Rxc7 25.Ra1 Rc8 26.Ra7 Rd8 27.Nd2 h6 28.f3 Ne7 29.Nb3 Nc6
30.Ra1 Bb7 31.Kf2 Ra8 32.Rxa8+ Bxa8 33.Ba3 f6 34.h4 Kf7 35.h5 f5 36.Ke3 Bb7
37.Bd6 Ne7 38.Nd2 g5 39.hxg6+ Nxg6 40.Bd3 Ne7 41.Nb1 Nc8 42.Bc7 Ke7 43.Nc3 Nd6
44.Na4 Nc8 45.Bf4 h5 46.Bc7 Bc6 47.Nc3 Nf6 48.Kf4 h4 49.Be2 Nh7 50.Bd3 Nf6
51.Be2 Nh7 52.d5 Bd7 53.Ke5 Ng5 54.d6+ Kf8 55.Kf6 Nf7 56.Nb5 f4 57.Bd3 Nh6
58.Nd4 Ng8+ 59.Ke5 Kf7 60.Kxf4 Kf6 61.Nb5 e5+ 62.Ke3 Ke6 63.Be4 Nf6 64.Bb7 Ne8
65.Bd5+ Kf5 66.Bb7 Ke6 67.Bxc8 Bxc8 68.Bxb6 Nxd6 69.Nc7+ Kd7 70.c5 Nc4+ 71.Kd3 Nxb6
72.cxb6 Kc6 73.Ke4 Kxb6 74.Nd5+ Kc5 75.Kxe5 h3 76.gxh3 Bxh3 77.f4 Kc6 78.Nf6 Kc7
79.Ke4  1/2-1/2

[Event "Russia Cup Final w"]
[Site "Serpuhov RUS"]
[Date "2008.11.09"]
[Round "3.1"]
[White "Matveeva,S"]
[Black "Demina,J"]
[Result "1/2-1/2"]
[WhiteElo "2411"]
[BlackElo "2357"]

1.d4 Nf6 2.c4 e6 3.Nc3 Bb4 4.Qc2 O-O 5.a3 Bxc3+ 6.Qxc3 d6 7.Nf3 Nbd7 8.g3 b6
9.Bg2 Bb7 10.O-O a5 11.b3 Qe8 12.Bb2 Ne4 13.Qc2 f5 14.Rad1 Ndf6 15.d5 e5
16.Nh4 Bc8 17.f3 Nc5 18.Nxf5 Bxf5 19.Qxf5 Nxd5 20.Qg5 h6 21.Qd2 Nf6 22.f4 Ra7
23.fxe5 dxe5 24.Qc3 c6 25.Rf5 e4 26.Rdf1 Raf7 27.h3 Nfd7 28.g4 Qe7 29.Qg3 Rxf5
30.gxf5 Nf6 31.Rd1 Nh5 32.Qg4 Qg5 33.b4 axb4 34.axb4 Na4 35.Qxg5 hxg5 36.Ba1 Nf4
37.Bxe4  1/2-1/2

[Event "Russia Cup Final w"]
[Site "Serpuhov RUS"]
[Date "2008.11.10"]
[Round "3.3"]
[White "Matveeva,S"]
[Black "Demina,J"]
[Result "1/2-1/2"]
[WhiteElo "2411"]
[BlackElo "2357"]

1.d4 Nf6 2.c4 e6 3.Nc3 Bb4 4.Qc2 O-O 5.a3 Bxc3+ 6.Qxc3 d6 7.Nf3 Nbd7 8.g3 b6
9.Bg2 Bb7 10.O-O a5 11.b3 c5 12.Bb2 Qc7 13.Rfd1 Rfe8 14.Rac1 h6 15.Rc2 Rad8
16.d5 e5 17.Nh4 Nf8 18.Rf1 b5 19.Ba1 b4 20.Qb2 Bc8 21.a4 Ng6 22.Nxg6 fxg6
23.e4 g5 24.Re2 g4 25.Qc2 Re7 26.Bb2 Rf8 27.Bc1 Ref7 28.Be3 Nh7 29.Qd2 Qe7
30.Rc1 Ng5 31.Bxg5 Qxg5 32.Qxg5 hxg5 33.Rd2 Rf6  1/2-1/2

[Event "38th Olympiad w"]
[Site "Dresden GER"]
[Date "2008.11.17"]
[Round "5"]
[White "Javakhishvili,L"]
[Black "Kosintseva,T"]
[Result "1/2-1/2"]
[WhiteElo "2473"]
[BlackElo "2513"]

1.d4 Nf6 2.c4 e6 3.Nc3 Bb4 4.Qc2 O-O 5.e4 d5 6.e5 Ne4 7.Bd3 c5 8.Ne2 cxd4
9.Nxd4 Nd7 10.Bf4 Ndc5 11.O-O Nxd3 12.Qxd3 Bxc3 13.bxc3 b6 14.cxd5 Qxd5 15.Rfd1 Bb7
16.c4 Qa5 17.Nb5 Bc6 18.a4 Qb4 19.Nd6 Rad8 20.f3 Nxd6 21.exd6 Bxa4 22.Rdb1 Qc5+
23.Be3 Bc2 24.Qc3 Qf5 25.Rb2 Bd3 26.c5 bxc5 27.Qxc5 Qxc5 28.Bxc5 a6 29.Rd2 Bb5
30.d7 f6 31.Bxf8 Kxf8 32.Rc1 Rxd7 33.Rxd7 Bxd7 34.Rc7 Bb5 35.Kf2 h6 36.f4 Kg8
37.Ke3 Kh7 38.Re7 Bc4 39.Kd4 Bf1 40.Rxe6 Bxg2 41.Rxa6 Bh3 42.Ra3 Bf5 43.Rf3 Kg6
44.Rg3+ Kf7 45.Kd5 g6 46.Kd6 h5 47.Ra3 Kf8 48.Ra7 Bg4 49.Rb7 Bf5 50.Rb5 Bg4
51.Rb3 Bf5 52.Ra3 Kf7 53.Ra5 Bg4 54.Ra7+  1/2-1/2

[Event "38th Olympiad"]
[Site "Dresden GER"]
[Date "2008.11.19"]
[Round "6"]
[White "Fridman,D2"]
[Black "Efimenko,Z"]
[Result "1-0"]
[WhiteElo "2630"]
[BlackElo "2680"]

1.d4 Nf6 2.c4 e6 3.Nc3 Bb4 4.Qc2 O-O 5.e4 d5 6.e5 Ne4 7.Bd3 c5 8.Ne2 cxd4
9.Nxd4 Nd7 10.Bf4 Ndc5 11.O-O Bxc3 12.bxc3 Bd7 13.Be2 Qa5 14.cxd5 Qxc3 15.Qxc3 Nxc3
16.d6 Nxe2+ 17.Nxe2 Rfc8 18.Rfd1 Na4 19.Rac1 Rxc1 20.Rxc1 Rc8 21.Rxc8+ Bxc8
22.Be3 b6 23.Bd4 Kf8 24.Ng3 Bb7 25.Nh5 Bd5 26.a3 a5 27.Nxg7 b5 28.Nh5 b4
29.axb4 axb4 30.Nf6 b3 31.Nxh7+ Ke8 32.Nf6+ Kd8 33.h4 b2 34.Bxb2 Nxb2 35.f4 Nd3
36.g3 Nc5 37.h5 Nd7 38.Nxd7 Kxd7 39.g4 Be4 40.Kf2 f6 41.Kg3 fxe5 42.fxe5 Ke8
43.g5 Bc6 44.g6  1-0

[Event "38th Olympiad"]
[Site "Dresden GER"]
[Date "2008.11.22"]
[Round "9"]
[White "Kropff,R"]
[Black "Bagheri,A"]
[Result "0-1"]
[WhiteElo "2286"]
[BlackElo "2490"]

1.d4 Nf6 2.c4 e6 3.Nc3 Bb4 4.Qc2 O-O 5.a3 Bxc3+ 6.Qxc3 b6 7.Nf3 Bb7 8.e3 d6
9.b4 Nbd7 10.Bb2 a5 11.Be2 Ne4 12.Qc2 axb4 13.axb4 Rxa1+ 14.Bxa1 Ng5 15.d5 exd5
16.Qf5 Ne6 17.cxd5 Qa8 18.dxe6 Qxa1+ 19.Bd1 Qc3+ 20.Nd2 Ne5 21.Be2 Qc1+ 22.Bd1 Ba6
23.Qc2 Nd3+  0-1

[Event "TCh-NED 2008-9"]
[Site "Netherlands NED"]
[Date "2008.11.22"]
[Round "3"]
[White "Fridman,D2"]
[Black "Werle,J"]
[Result "1/2-1/2"]
[WhiteElo "2637"]
[BlackElo "2591"]

1.d4 Nf6 2.c4 e6 3.Nc3 Bb4 4.Qc2 O-O 5.e4 d5 6.e5 Ne4 7.Bd3 c5 8.Ne2 Nc6
9.O-O cxd4 10.cxd5 exd5 11.Nxd5 Qxd5 12.Bxe4 Qxe5 13.Bxh7+ Kh8 14.Bf4 Qf6
15.a3 Ba5 16.Be4 Bg4 17.Bg3 Rfe8 18.Nf4 Rac8 19.b4 Nxb4 20.Qa4 Rxe4 21.axb4 Bb6
22.Nd5 Qd8 23.Nxb6 axb6 24.f3 Bd7 25.Qd1 Re8 26.Qxd4 Bb5 27.Qxd8 Rexd8 28.Rfc1 Bc4
29.h4 b5 30.Rd1 Be6 31.Rxd8+ Rxd8 32.Be5 Rd5 33.Bc3 Rd3 34.Be1 Kh7 35.Ra8 Bc4
36.Re8 Be6 37.Kf2 Rb3 38.Rd8 Bc4 39.Rd7 Rb2+ 40.Bd2 Be6 41.Rd8 Bc4 42.Rd7 Be6
43.Rd6 Rb3 44.Rb6 Rb2 45.Ke3 Rb3+ 46.Ke4 Bc4 47.Rxb7 Rd3 48.Be3 Bd5+ 49.Kxd3 Bxb7
50.Kd4 Bc8 51.Kc5 Bd7 52.g4 f6 53.h5 Kg8 54.Bd4 Kf7 55.Bc3 Kg8 56.Bd2 Kf7
57.Be3 Kg8 58.h6 gxh6 59.Bxh6 Kf7 60.Bd2 Kg6 61.Be3 f5 62.Kd6 Be8 63.Ke7 Bc6
64.Ke6 fxg4 65.fxg4  1/2-1/2

[Event "UTD Invitational IM"]
[Site "Richardson USA"]
[Date "2008.11.26"]
[Round "2"]
[White "Annakov,B"]
[Black "Kraai,J"]
[Result "1/2-1/2"]
[WhiteElo "2455"]
[BlackElo "2502"]

1.d4 Nf6 2.c4 e6 3.Nc3 Bb4 4.Qc2 O-O 5.Nf3 c5 6.dxc5 Na6 7.g3 Nxc5 8.Bg2 Nce4
9.O-O Nxc3 10.bxc3 Be7 11.e4 d6 12.e5 dxe5 13.Nxe5  1/2-1/2

[Event "UTD Invitational IM"]
[Site "Richardson USA"]
[Date "2008.11.27"]
[Round "4"]
[White "Annakov,B"]
[Black "Bayaraa,Z"]
[Result "1-0"]
[WhiteElo "2455"]
[BlackElo "2203"]

1.d4 Nf6 2.c4 e6 3.Nc3 Bb4 4.Qc2 O-O 5.Nf3 b6 6.e4 d5 7.e5 Ne4 8.Bd3 Bb7
9.O-O Bxc3 10.bxc3 h6 11.cxd5 exd5 12.c4 Na6 13.Rb1 c5 14.cxd5 Qxd5 15.Bc4 Qd7
16.Bxa6 Bxa6 17.Qxe4 Bxf1 18.Kxf1 cxd4 19.Nxd4 Qa4 20.Be3 Qxa2 21.Nf5 Kh8
22.Rd1 Rac8 23.Nd6 Rc7 24.g3 Rb8 25.Kg2 a6 26.Qd4 Qe6 27.Ra1 a5 28.Rb1 Rd7
29.Rb5 f6 30.Bf4 g5 31.Be3 Kg8 32.Qe4 fxe5 33.Nf5 Rc8  1-0

[Event "21st Belgrade Trophy"]
[Site "Obrenovac SRB"]
[Date "2008.11.30"]
[Round "4"]
[White "Ristic,Neb2"]
[Black "Sablic,B"]
[Result "1-0"]
[WhiteElo "2374"]
[BlackElo "2096"]

1.d4 Nf6 2.c4 e6 3.Nc3 Bb4 4.Qc2 O-O 5.a3 Bxc3+ 6.Qxc3 Ne4 7.Qc2 f5 8.g3 c6
9.c5 Na6 10.f3 Nf6 11.Bf4 Nd5 12.Bd6 Rf7 13.Qd2 Nac7 14.e4 fxe4 15.fxe4 Nf6
16.Bg2 Nce8 17.Bf4 b6 18.Ne2 bxc5 19.dxc5 a5 20.O-O Ba6 21.e5 Nd5 22.Bg5 Rxf1+
23.Rxf1 Qc8 24.Bxd5 h6 25.Rf8+ Kh7 26.Qc2+ g6  1-0

[Event "III Open"]
[Site "Palma de Mallorca ESP"]
[Date "2008.12.06"]
[Round "1"]
[White "Savchenko,S"]
[Black "Serra Olives,T"]
[Result "1-0"]
[WhiteElo "2565"]
[BlackElo "2156"]

1.d4 Nf6 2.c4 e6 3.Nc3 Bb4 4.Qc2 O-O 5.a3 Bxc3+ 6.Qxc3 b5 7.cxb5 c6 8.f3 cxb5
9.e4 a6 10.Bd3 Nc6 11.Ne2 Qb6 12.Be3 Bb7 13.Kf2 d5 14.e5 Nd7 15.Qc2 g6 16.h4 f5
17.g3 Rac8 18.Qd1 b4 19.Rc1 a5 20.a4 Ba6 21.b3 Ne7 22.Rxc8 Rxc8 23.h5 Nf8
24.hxg6 Nexg6 25.Qd2 Bxd3 26.Qxd3 Rc6 27.Rc1 Rxc1 28.Nxc1 Qc7 29.Qd2 f4 30.Bxf4 Nxf4
31.Qxf4 Qc2+ 32.Ke1 Qc3+ 33.Ke2 Qc2+ 34.Qd2 Qg6 35.Kf2 Qf5 36.Qd3 Qg5 37.Ne2 Ng6
38.Qa6 Qf5 39.Qxa5 h5 40.Qd8+ Kh7 41.a5 h4 42.gxh4 Qh3 43.Qg5 Qh2+ 44.Ke3 Nxh4
45.Qe7+ Kh8 46.Qxe6 Ng2+ 47.Kd2 Qh1 48.Qc8+ Kg7 49.Qc1 Qh6+ 50.Kc2 Qg6+ 51.Kb2 Nh4
52.Qc7+ Kh8  1-0

[Event "III Open"]
[Site "Palma de Mallorca ESP"]
[Date "2008.12.09"]
[Round "4"]
[White "Roos,M GER"]
[Black "Arutinian,D"]
[Result "1/2-1/2"]
[WhiteElo "2367"]
[BlackElo "2584"]

1.d4 Nf6 2.c4 e6 3.Nc3 Bb4 4.Qc2 O-O 5.e4 d5 6.e5 Ne4 7.Bd3 c5 8.Ne2 f5 9.exf6 Nxf6
10.cxd5 exd5 11.O-O c4 12.Bf5 Bxf5 13.Qxf5 Qd7 14.Qxd7 Nbxd7 15.Bg5 Rae8
16.f3 b5 17.Rfe1 Nb6 18.Nf4 Bxc3 19.bxc3 Kf7 20.Bxf6 Kxf6 21.h4 Kf5 22.g3 g6
23.Kf2 h6 24.Rxe8 Rxe8 25.Re1 Rxe1 26.Kxe1  1/2-1/2

[Event "III Open"]
[Site "Palma de Mallorca ESP"]
[Date "2008.12.10"]
[Round "5"]
[White "Castell Cantero,S"]
[Black "Serra Olives,T"]
[Result "0-1"]
[WhiteElo "2025"]
[BlackElo "2156"]

1.d4 Nf6 2.c4 e6 3.Nc3 Bb4 4.Qc2 O-O 5.Bg5 c5 6.e3 cxd4 7.exd4 Nc6 8.Nf3 d5
9.Rd1 Be7 10.Be2 a6 11.O-O dxc4 12.Bxc4 b5 13.Bb3 Bb7 14.d5 Nb4 15.Qe2 Nbxd5
16.Nxd5 Bxd5 17.Bxd5 exd5 18.Nd4 Qd7 19.Rfe1 Bb4 20.Rf1 Rfe8 21.Qf3 Ne4 22.Be3 Rac8
23.Nf5 Re5 24.Nd4 Bc5 25.Bf4 Ree8 26.Nb3 Bb6 27.Qd3 h6 28.Nd2 Qa7 29.Bg3 Nxg3
30.Qxg3 Rc2 31.Qb3 Rec8 32.a3 Qc7 33.Qb4 Qe5 34.Rb1 Qd4 35.Nf3 Qxb4 36.axb4 R8c4
37.Ne1 Re2 38.Nd3 Rcc2 39.Rbd1 Red2 40.g3 Bd4 41.b3 Bb6 42.Kg2 Rxd1 43.Rxd1 f6
44.Kf1 Kf7 45.Ke1 g5 46.Rc1 Bxf2+ 47.Kd1 Rxc1+ 48.Nxc1 g4 49.Ke2 Bg1 50.Kf1 Be3
51.Nd3 h5 52.Ke2 Bb6 53.Nf4 d4 54.Nxh5 Bc7 55.Kd3 Kg6 56.Nf4+ Bxf4 57.gxf4 Kf5
58.Kxd4 Kxf4 59.Kc5 Ke3 60.Kb6 f5 61.Kxa6 f4 62.Kxb5 f3 63.Ka5 f2 64.b5 f1=Q
65.b6 Qa1+ 66.Kb5 Qa8  0-1

[Event "TCh-SLO"]
[Site "Murska Sobota SLO"]
[Date "2008.12.13"]
[Round "8"]
[White "Jelen,Ig"]
[Black "Zorko,Ju"]
[Result "1/2-1/2"]
[WhiteElo "2384"]
[BlackElo "2381"]

1.d4 Nf6 2.c4 e6 3.Nc3 Bb4 4.Qc2 O-O 5.a3 Bxc3+ 6.Qxc3 b6 7.Bg5 Bb7 8.f3 h6
9.Bh4 d5 10.e3 Nbd7 11.cxd5 Nxd5 12.Bxd8 Nxc3 13.Bh4 Nd5 14.Bf2 c5 15.e4 Ne7
16.Bb5 Bc6 17.Bxc6 Nxc6 18.Ne2 cxd4 19.Nxd4 Nxd4 20.Bxd4 Rac8 21.Kd2 Nc5
22.Bxc5 Rfd8+  1/2-1/2

[Event "III Open"]
[Site "Palma de Mallorca ESP"]
[Date "2008.12.13"]
[Round "8"]
[White "Kveinys,A"]
[Black "Andres Gonzalez,A"]
[Result "1-0"]
[WhiteElo "2533"]
[BlackElo "2465"]

1.d4 Nf6 2.c4 e6 3.Nc3 Bb4 4.Qc2 O-O 5.a3 Bxc3+ 6.Qxc3 b6 7.Bg5 Bb7 8.e3 h6
9.Bh4 d6 10.Ne2 Nbd7 11.Qc2 Rc8 12.Rd1 g5 13.Bg3 Ne4 14.f3 Nxg3 15.hxg3 Qf6
16.g4 Rfd8 17.Ng3 c5 18.d5 Nf8 19.Bd3 b5 20.Kf2 Rb8 21.b3 exd5 22.cxd5 Bxd5
23.Bh7+ Nxh7 24.Rxd5 b4 25.axb4 cxb4 26.Nf5 Rbc8 27.Nxh6+ Kg7 28.Nf5+  1-0

[Event "XXI Carlos Torre"]
[Site "Merida MEX"]
[Date "2008.12.14"]
[Round "3"]
[White "Vera Gonzalez Quevedo,R"]
[Black "Meier,Geo"]
[Result "1/2-1/2"]
[WhiteElo "2497"]
[BlackElo "2558"]

1.d4 e6 2.c4 Nf6 3.Nc3 Bb4 4.Qc2 O-O 5.a3 Bxc3+ 6.Qxc3 b6 7.Bg5 Bb7 8.f3 h6
9.Bh4 d5 10.e3 Nbd7 11.cxd5 Nxd5 12.Bxd8 Nxc3 13.Bh4 Nd5 14.Bf2 c5 15.Ne2 f5
16.dxc5 bxc5 17.Nf4  1/2-1/2

[Event "FSGM December"]
[Site "Budapest HUN"]
[Date "2008.12.15"]
[Round "10"]
[White "Bromberger,S"]
[Black "Rohit,G"]
[Result "1/2-1/2"]
[WhiteElo "2504"]
[BlackElo "2457"]

1.d4 Nf6 2.c4 e6 3.Nc3 Bb4 4.Qc2 O-O 5.e4 d5 6.e5 Ne4 7.Bd3 c5 8.Ne2 cxd4
9.Nxd4 Nd7 10.Bf4 Bxc3+ 11.bxc3 Ndc5 12.O-O Nxd3 13.Qxd3 b6 14.cxd5 Qxd5
15.Rad1 Bb7 16.c4 Qd7 17.f3 Nc5 18.Qe3 Rad8 19.Rd2 f6 20.Rfd1 fxe5 21.Bg5 Ra8
22.Qxe5 Qf7 23.Kh1 h6 24.Bh4 Kh7 25.Nb5 Qg6 26.Nd6 Rxf3 27.Bg3 Rff8 28.a4 Rad8
29.a5 Bc6 30.axb6 axb6 31.Qb2 Ba4 32.Rg1 Ne4 33.Nxe4 Qxe4 34.Rxd8 Rxd8 35.Qxb6 Rd2
36.Qb4 Qc2 37.Qb7 Qxc4 38.Be5 Rd7 39.Qf3 Bc6 40.Qg3 Rf7 41.h3 Bd5 42.Kh2 Qc2
43.Rf1 Qg6 44.Qxg6+ Kxg6 45.Rxf7 Kxf7 46.g4 g5 47.Kg3  1/2-1/2

[Event "8th Amplico AIG Life Rapid"]
[Site "Warsaw POL"]
[Date "2008.12.20"]
[Round "4"]
[White "Schmidt,Wl"]
[Black "Drozdovskij,Y"]
[Result "0-1"]
[WhiteElo "2399"]
[BlackElo "2587"]

1.d4 Nf6 2.c4 e6 3.Nc3 Bb4 4.Qc2 O-O 5.a3 Bxc3+ 6.Qxc3 b6 7.Bg5 h6 8.Bh4 Ba6
9.Qf3 Nc6 10.e3 Na5 11.Rc1 c5 12.Bxf6 Qxf6 13.Qxf6 gxf6 14.b4 cxb4 15.axb4 Nxc4
16.Rxc4 Bxc4 17.Bxc4 Rfc8 18.Be2 Rc1+ 19.Bd1 Rb1 20.Ne2 Rc8 21.Kd2 Rxb4 22.Nc3 b5
23.Bc2 Rbc4  0-1

[Event "8th Amplico AIG Life Rapid"]
[Site "Warsaw POL"]
[Date "2008.12.20"]
[Round "5"]
[White "Luch,M"]
[Black "Kveinys,A"]
[Result "0-1"]
[WhiteElo "2411"]
[BlackElo "2533"]

1.d4 Nf6 2.c4 e6 3.Nc3 Bb4 4.Qc2 O-O 5.a3 Bxc3+ 6.Qxc3 b6 7.Bg5 Bb7 8.f3 d6
9.e4 c5 10.dxc5 bxc5 11.Bxf6 Qxf6 12.Qxf6 gxf6 13.O-O-O Rd8 14.Nh3 Nc6 15.Nf4 Kf8
16.Bd3 Ke7 17.Kc2 Rab8 18.Kc3 a5 19.Bc2 Nd4 20.a4 Bc6 21.b3 Rg8 22.Rd2 e5
23.Nd3 Bd7 24.Nc1 Rg7 25.Rf1 h5 26.g3 f5 27.exf5 Bxf5 28.Bxf5 Nxf5 29.Ne2 Nd4
30.Nxd4 cxd4+ 31.Kc2 f6 32.Re1 Kd7 33.Re4 Kc6 34.Rh4 Rg5 35.f4 Rf5 36.Re2 Kc5
37.Re1 d5 38.cxd5 Kxd5 39.fxe5 fxe5 40.Rhe4 Rc8+ 41.Kd1 Rc3  0-1

[Event "15th Croatian Open A"]
[Site "Zadar CRO"]
[Date "2008.12.20"]
[Round "9"]
[White "Gagarin,V"]
[Black "Brkic,A"]
[Result "1-0"]
[WhiteElo "2390"]
[BlackElo "2558"]

1.d4 Nf6 2.c4 e6 3.Nc3 Bb4 4.Qc2 O-O 5.a3 Bxc3+ 6.Qxc3 d6 7.Nf3 b6 8.e3 Bb7
9.Be2 Nbd7 10.O-O Ne4 11.Qc2 f5 12.b4 Rf6 13.d5 Rg6 14.dxe6 Ng5 15.Nxg5 Qxg5
16.g3 Be4 17.Qd1 Rxe6 18.f3 Bb7 19.c5 bxc5 20.Bc4 Re8 21.Bxe6+ Rxe6 22.e4 Qf6
23.exf5 Qxf5 24.Bb2 Re3 25.bxc5 Rxf3 26.Rxf3 Bxf3 27.Qd4 Qxc5 28.Qxc5 Nxc5
29.Rf1 Be4 30.Bd4 Nb3 31.Bxa7 c5 32.Kf2 d5 33.Ke3 Bc2 34.Bxc5 Nxc5 35.Kd4 Na4
36.Kxd5 g5 37.Rc1 Bg6 38.Rc7 Kf8 39.Ra7 Nc3+ 40.Ke5 Ke8 41.Kf6 Ne4+ 42.Ke5 Kd8
43.a4 Kc8 44.a5 Nd2 45.h3 Kb8 46.Rg7 Nf3+ 47.Kd6 Bd3 48.Kc6 Ne5+ 49.Kc5 Nc4
50.Kd4 Be2 51.Re7 Bf1 52.Re1 Nd2 53.Kc3 Bxh3 54.Kxd2 h5 55.Re5  1-0

[Event "Masters"]
[Site "Berkeley USA"]
[Date "2008.12.21"]
[Round "8"]
[White "Sarkar,J"]
[Black "Kraai,J"]
[Result "1/2-1/2"]
[WhiteElo "2451"]
[BlackElo "2502"]

1.d4 Nf6 2.c4 e6 3.Nc3 Bb4 4.Qc2 O-O 5.e4 d5 6.e5 Ne4 7.Bd3 c5 8.Ne2 cxd4
9.Nxd4 Nd7 10.Bf4 Ndc5 11.O-O Bxc3 12.bxc3 Nxd3  1/2-1/2

[Event "8th Amplico AIG Life Rapid"]
[Site "Warsaw POL"]
[Date "2008.12.21"]
[Round "12"]
[White "Kveinys,A"]
[Black "Socko,M"]
[Result "1-0"]
[WhiteElo "2533"]
[BlackElo "2434"]

1.d4 Nf6 2.c4 e6 3.Nc3 Bb4 4.Qc2 O-O 5.a3 Bxc3+ 6.Qxc3 d6 7.g3 Nc6 8.Bg2 Re8
9.Nf3 e5 10.d5 Ne7 11.O-O Bf5 12.Nh4 Bd7 13.e4 c6 14.Bg5 Ng6 15.dxc6 bxc6
16.Rad1 Bg4 17.f3 Be6 18.f4 Qb6+ 19.c5 Qxc5+ 20.Qxc5 dxc5 21.Bxf6 gxf6 22.f5 Nxh4
23.fxe6 Nxg2 24.Rxf6 Rxe6 25.Rxe6 fxe6 26.Kxg2 Rb8 27.Rd2 Kf7 28.Rc2 Ke7
29.Kh3 Kd6 30.Kg4 c4 31.Rxc4 Rxb2 32.h4 Rb3 33.Ra4 h5+ 34.Kxh5 Rxg3 35.Rxa7 Kc5
36.a4 Kd4 37.a5 c5 38.a6 Kxe4 39.Rc7 Ra3 40.a7 Kd4 41.Kg4 e4 42.h5 e3 43.Kf3 Ra2
44.Rd7+ Ke5 45.Kxe3 c4 46.h6 c3 47.h7  1-0

[Event "Open A"]
[Site "Groningen NED"]
[Date "2008.12.23"]
[Round "3"]
[White "Ernst,S"]
[Black "Simutowe,A"]
[Result "1/2-1/2"]
[WhiteElo "2576"]
[BlackElo "2462"]

1.d4 Nf6 2.c4 e6 3.Nc3 Bb4 4.Qc2 O-O 5.a3 Bxc3+ 6.Qxc3 b6 7.Bg5 Ba6 8.Qf3 Nc6
9.e3 Na5 10.e4 h6 11.h4 Re8 12.e5 hxg5 13.hxg5 Nh7 14.Qh5 Qxg5 15.Qxh7+ Kf8
16.Nf3 Qf5 17.Rc1 Qxh7 18.Rxh7 Bb7 19.Rc3 c5 20.Ng5 Ke7 21.Rxg7 Rg8 22.Rxg8 Rxg8
23.f4 cxd4 24.Rh3 Rg7 25.Kf2 Nc6 26.Rh5 d6 27.exd6+ Kxd6 28.c5+ bxc5 29.Ne4+ Kc7
30.Nxc5 Bc8 31.Nb3 f5 32.Bb5 Rd7 33.Rh8 Bb7 34.Nc5 Re7 35.Nxb7 Kxb7 36.Rh6 Nd8
37.Rh8 Kc7 38.Ba4 Nb7 39.Ra8 Kb6 40.b4 Nd6 41.Rd8 Kc7 42.Ra8 Kb7 43.Rd8 Kc7
44.Ra8 Kb7 45.Rd8 Kc7 46.Rg8 Ne4+ 47.Kf3 d3 48.Ra8 Kb6 49.Rb8+ Kc7 50.Ra8 Kb6
51.Rb8+ Kc7 52.Ra8 Kb6 53.Rb8+  1/2-1/2

[Event "World Open"]
[Site "Leon ESP"]
[Date "2008.12.27"]
[Round "7"]
[White "Fridman,D2"]
[Black "Suba,M"]
[Result "1-0"]
[WhiteElo "2630"]
[BlackElo "2531"]

1.d4 Nf6 2.c4 e6 3.Nc3 Bb4 4.Qc2 O-O 5.e4 d5 6.e5 Ne4 7.Bd3 c5 8.Ne2 cxd4
9.Nxd4 Nd7 10.Bf4 Bxc3+ 11.bxc3 Ndc5 12.O-O f6 13.Rad1 Nxd3 14.Qxd3 Nc5 15.Qe3 b6
16.cxd5 exd5 17.e6 Qe7 18.Rfe1 g5 19.Qg3 Nxe6 20.Bd6 Qf7 21.Bxf8 Nxf8 22.h4 h6
23.hxg5 hxg5 24.f4 g4 25.f5 Ba6 26.Qxg4+ Qg7 27.Qxg7+ Kxg7 28.Re7+ Kh6 29.Kf2 Kg5
30.Rg7+  1-0

[Event "1st Asian Clubs"]
[Site "Al Ain UAE"]
[Date "2008.12.28"]
[Round "4"]
[White "Mahjoob,M"]
[Black "Toufighi,H"]
[Result "0-1"]
[WhiteElo "2507"]
[BlackElo "2470"]

1.d4 e6 2.c4 Nf6 3.Nc3 Bb4 4.Qc2 O-O 5.a3 Bxc3+ 6.Qxc3 b6 7.Bg5 Bb7 8.Nf3 d6
9.Nd2 Nbd7 10.f3 c5 11.e4 Qc7 12.d5 Rae8 13.Kf2 h6 14.Bh4 b5 15.b3 bxc4 16.bxc4 exd5
17.cxd5 Bxd5 18.Bxf6 Nxf6 19.exd5 Nxd5 20.Qc4 Ne3 21.Qf4 g5 22.Qa4 c4 23.Ne4 Ng4+
24.Ke1 d5 25.Be2 Qe5 26.Rb1 Ne3 27.Qxa7 Nxg2+ 28.Kf2 Nf4 29.Rb5 Nxe2 30.Kxe2 Qe6
31.Rg1 dxe4 32.f4 Qh3 33.fxg5 Qf3+ 34.Ke1 Rd8 35.gxh6+ Kh8 36.Rb1 Qc3+ 37.Kf1 Qd3+
38.Kf2 Qc2+ 39.Kg3 Rd3+ 40.Kf4 Qxh2+ 41.Kf5 Qh3+ 42.Kf4 Qf3+  0-1

[Event "1st Asian Clubs"]
[Site "Al Ain UAE"]
[Date "2008.12.28"]
[Round "4"]
[White "Ihsan,J"]
[Black "El Gindy,E"]
[Result "0-1"]
[WhiteElo "2166"]
[BlackElo "2526"]

1.d4 Nf6 2.c4 e6 3.Nc3 Bb4 4.Qc2 O-O 5.Nf3 c5 6.dxc5 Na6 7.a3 Bxc3+ 8.Qxc3 Nxc5
9.g3 a5 10.Bg2 Nfe4 11.Qc2 d5 12.Be3 b6 13.O-O a4 14.Rad1 Bb7 15.cxd5 exd5
16.Bxc5 Nxc5 17.Rd4 Rc8 18.Qf5 g6 19.Qf4 Ne6 20.Qh6 Rc4 21.Rfd1 Qe7  0-1

[Event "Open A"]
[Site "Groningen NED"]
[Date "2008.12.28"]
[Round "7"]
[White "Bensdorp,M"]
[Black "Van Eijk,S"]
[Result "1-0"]
[WhiteElo "2303"]
[BlackElo "2366"]

1.d4 Nf6 2.c4 e6 3.Nc3 Bb4 4.Qc2 O-O 5.a3 Bxc3+ 6.Qxc3 b5 7.cxb5 c6 8.Bg5 cxb5
9.e3 Bb7 10.Nf3 h6 11.Bh4 a6 12.Bd3 d6 13.O-O g5 14.Bg3 Ne4 15.Bxe4 Bxe4
16.Nd2 Bg6 17.Qb4 e5 18.dxe5 dxe5 19.Nf3 f6 20.Rfd1 Qe8 21.Rd6 Nc6 22.Qb3+ Kh7
23.Qd5 Ne7 24.Qb7 Rf7 25.Rad1 a5 26.Ne1 Kg7 27.Rd7 Bf5 28.R7d6 Rb8 29.Qa6 Nc8
30.Rd8 Qe7 31.Qxa5 Rb7 32.R8d2 Na7 33.Nd3 Nc6 34.Qc3 Rc7 35.Qb3 Rb7 36.Qc3 Rc7
37.Nc5 Nd8 38.b4 Nb7 39.Rc1 Nd6 40.f3 Nc4 41.Rdd1 Nb6 42.e4 Be6 43.Bxe5 Na4
44.Bxf6+ Rxf6 45.Nxe6+ Qxe6 46.Qxc7+ Kg6 47.e5 Qb6+ 48.Qxb6 Rxb6 49.Rd6+ Rxd6
50.exd6 Kf6 51.Rd1  1-0

[Event "Masters"]
[Site "Hastings ENG"]
[Date "2008.12.28"]
[Round "1"]
[White "Lunn,M"]
[Black "Rocks,D"]
[Result "1/2-1/2"]
[WhiteElo "1874"]
[BlackElo "2129"]

1.d4 Nf6 2.c4 e6 3.Nc3 Bb4 4.Qc2 O-O 5.e4 d6 6.a3 Bxc3+ 7.bxc3 b6 8.Bd3 e5
9.Ne2 Nbd7 10.O-O Re8 11.f4 Bb7 12.Ng3 a6 13.fxe5 dxe5 14.a4  1/2-1/2

[Event "Masters"]
[Site "Hastings ENG"]
[Date "2008.12.28"]
[Round "1"]
[White "Almond,R"]
[Black "Nebel,U"]
[Result "1/2-1/2"]
[WhiteElo "2138"]
[BlackElo "2001"]

1.d4 Nf6 2.c4 e6 3.Nc3 Bb4 4.Qc2 O-O 5.a3 Bxc3+ 6.Qxc3 b6 7.Bg5 Bb7 8.Nf3 d6
9.Nd2 Nbd7 10.f3 c5 11.e4 cxd4 12.Qxd4 Qc7 13.Be2 d5 14.exd5 exd5 15.O-O dxc4
16.Bxc4 Rad8 17.Rac1 Ne5 18.Qf2 Qe7 19.Rfe1 Qd6 20.Bf4 Rfe8 21.Kh1 Nd3 22.Rxe8+ Nxe8
23.Bxd3 Qxf4 24.Qe2 Qd4 25.Rc3 Nf6 26.Nb3 Qd6 27.Nc1 Nd5 28.Rb3 Nf4 29.Qf1 Bd5
30.Rc3 Be6 31.Bb1 Qd2 32.Bc2 Nxg2 33.Bxh7+ Kxh7 34.Qxg2 Qxg2+ 35.Kxg2 Rd2+
36.Kg3 Rxb2 37.h4 a5 38.Kf4 b5 39.Nd3 Rb3 40.Rxb3 Bxb3 41.Ne5 Bd5 42.Ke3 b4
43.axb4 axb4 44.Kf4 b3 45.Nd3 Kg6 46.Kg4 Kf6 47.Kf4 Ke6 48.Ke3 Bc4 49.Nb2 Kd5
50.Na4 Bb5 51.Nb2 Kc5 52.f4 g6 53.f5 Kd5 54.fxg6 fxg6 55.Nd1 Kc5 56.Kd2 Kb4
57.Nb2 Bd7 58.Nd3+ Ka3 59.Kc3 Bf5 60.Nb2 Bc2 61.Nc4+ Ka2 62.Nb2 Kb1 63.Nc4 Kc1
64.Nb2 Kb1  1/2-1/2

[Event "18th North American Open"]
[Site "Las Vegas USA"]
[Date "2008.12.29"]
[Round "7"]
[White "Sarkar,J"]
[Black "Hansen,Eric"]
[Result "0-1"]
[WhiteElo "2451"]
[BlackElo "2362"]

1.d4 Nf6 2.c4 e6 3.Nc3 Bb4 4.Qc2 O-O 5.e4 d5 6.e5 Ne4 7.Bd3 c5 8.Ne2 Nc6
9.cxd5 exd5 10.O-O Bxc3 11.bxc3 cxd4 12.Ba3 Re8 13.cxd4 Qa5 14.Qb2 Bf5 15.Rfd1 Bg6
16.h4 Qd8 17.f3 Qxh4 18.fxe4 dxe4 19.Bb5 Bh5 20.Bxc6 bxc6 21.Rf1 Rab8 22.Qc2 Bf3
23.Rf2 Re6 24.Rb1 Rd8 25.Bc1 Rg6 26.Be3 h5 27.Nf4 Rg4 28.Qxc6 g5 29.Nd5 Rxd5
30.Qxd5 Qh3 31.Rbb2 Bxg2 32.Rxg2 Qxe3+ 33.Kf1 Qc1+ 34.Ke2  0-1

[Event "Christmas Master Open"]
[Site "Zurich SUI"]
[Date "2008.12.30"]
[Round "7"]
[White "Potterat,M"]
[Black "Tordeur,J"]
[Result "1-0"]
[WhiteElo "2163"]
[BlackElo "2033"]

1.d4 Nf6 2.c4 e6 3.Nc3 Bb4 4.Qc2 O-O 5.a3 Bxc3+ 6.Qxc3 b6 7.Bg5 Bb7 8.f3 d5
9.Rc1 c6 10.Nh3 Nbd7 11.e3 h6 12.Bh4 Rc8 13.c5 bxc5 14.dxc5 Qc7 15.Be2 e5
16.O-O Rce8 17.Qd2 Kh8 18.g4 Ng8 19.g5 Qc8 20.Nf2 Ba6 21.Kh1 Bxe2 22.Qxe2 hxg5
23.Bxg5 f6 24.Bh4 Nh6 25.Rg1 Rf7 26.Ng4 Nxg4 27.Rxg4 g5 28.Bf2 Nf8 29.Rcg1 Qf5
30.e4 dxe4 31.fxe4 Qg6 32.Qa6 Re6 33.Qc8 Kg7 34.Be3 Kh6 35.R1g2 Qh5 36.Kg1 Kh7
37.Kh1 Qh3 38.Bg1 Qf3 39.a4 Kg8 40.b4 Qb3 41.b5 cxb5 42.axb5 Qxb5 43.Rd2 Qc6
44.Qb8 Rd7 45.Rf2 Rg7 46.h4 Re8 47.Qb3+ Qe6 48.Qg3 Rb8 49.hxg5 fxg5 50.Rf5 Rb3
51.Qxe5 Qh6+ 52.Bh2 Rb1+ 53.Rg1 Rxg1+ 54.Kxg1 Ne6 55.Rf6 Qh5 56.Qxe6+ Kh7
57.Qf5+  1-0

[Event "1st Asian Clubs"]
[Site "Al Ain UAE"]
[Date "2008.12.31"]
[Round "7"]
[White "Atwi,A"]
[Black "Husari,Sa"]
[Result "0-1"]
[WhiteElo "2117"]
[BlackElo "2332"]

1.d4 Nf6 2.c4 e6 3.Nc3 Bb4 4.Qc2 O-O 5.a3 Bxc3+ 6.Qxc3 d6 7.e3 Qe7 8.Nf3 Nbd7
9.Be2 b6 10.O-O Bb7 11.b4 Rac8 12.Bb2 Ne4 13.Qc2 f5 14.Rac1 Ng5 15.Qd1 f4
16.Rc3 e5 17.exf4 exf4 18.Nxg5 Qxg5 19.d5 Rce8 20.Rh3 g6 21.Bf3 Ne5 22.Qd4 Bc8
23.Kh1 Bxh3 24.gxh3 Re7 25.Be4 Qh5 26.Rg1 Qxh3 27.f3 Qd7 28.c5 Qa4 29.Qc3 bxc5
30.bxc5 Qc4 31.Qe1 Qxc5 32.Qh4 Rg7 33.Qg5 Qb5 34.Bxe5 dxe5 35.Qxe5 Qe8 36.Qd4 a6
37.Rb1 Qe7 38.Qc4 Qd6 39.Rb7 Re8 40.a4 g5 41.Qb3 Rf8 42.Ra7 g4 43.fxg4 f3
44.Bxf3 Qb6 45.Qxb6 cxb6 46.Rxg7+ Kxg7 47.Be2 Rf4 48.Bxa6 Rxa4 49.Bc8 b5
50.h4 b4 51.Bf5 b3 52.d6 b2  0-1